000 01260nam a2200337 a 4500
001 000111110
003 CHAP
005 20220329144158.0
008 141203s2014 mx a fsm |||||||spa d
010 _a107572
011 _a108544
040 _cCHAP
090 _aTesis
100 1 _aLópez Velasco, Daniel Salvador
_9128932
245 1 3 _aLa miel de abeja (Apis mellifera) en la actividad antioxidante y estabilidad oxidativa de carne cruda del lomo de conejo
_h[En línea]
_bevaluación preliminar /
_cpor Daniel Salvador López Velasco.
260 _aChapingo, Méx. :
_bEl autor,
_c2014.
500 _aPara ver el contenido del material haga clic en la liga
502 _aTesis (Ing. Agr. Esp. en Zootecnia) -- UACH. Departamento de Zootecnia
590 _aE11695DGD
_b10
_c20141207
_lUCH01
_h1506
590 _aE6096MTM
_b05
_c20141203
_lUCH01
_h1409
590 _aE6096MTM
_b05
_c20141203
_lUCH01
_h1411
650 1 4 _aAntioxidantes
_96070
650 1 4 _aCarne de conejo
_xConservación.
_919142
650 1 4 _aConejos
_xRazas.
_926377
650 1 4 _aMiel de abejas
_xAnálisis.
_975563
650 1 4 _aVariedades.
_9118144
856 _aFinding aid
_uhttp://10.13.5.2/tesis/sist111110.pdf
_zTeclea aquí
901 _aBK
942 _cTESIS
942 _n0
999 _c107572
_d107572